The use of force by The Royal Malaysian Police : a legal analysis /
Saved in:
| Main Author: | |
|---|---|
| Format: | Book |
| Language: | English |
| Published: |
2010.
|
| Subjects: | |
| Tags: |
Add Tag
No Tags, Be the first to tag this record!
|
| LEADER | 01330cam a2200337 a 4500 | ||
|---|---|---|---|
| 001 | u837732 | ||
| 003 | SIRSI | ||
| 005 | 201108241126 | ||
| 008 | 110824s2010 my t 000 0 eng m | ||
| 040 | |a UMU | ||
| 043 | |a a-my--- | ||
| 092 | |a K668 |b Mah | ||
| 100 | 1 | |a Mahindar Singh, Balveer Singh | |
| 245 | 1 | 4 | |a The use of force by The Royal Malaysian Police : |b a legal analysis / |c Balveer Singh s/o Mahindar Singh. |
| 260 | |c 2010. | ||
| 300 | |a xiv, 110 leaves : |b ill. ; |c 30cm. | ||
| 500 | |a PUU. | ||
| 500 | |a Unpublished. | ||
| 500 | |a Table of cases: leaves xi-xii. | ||
| 500 | |a Table of statutes: leaves xiii-xiv. | ||
| 500 | |a Dissertation (M.CJ) -- Fakulti Undang-Undang, Universiti Malaya, 2010. | ||
| 504 | |a Bibliography: leaves 102-108. | ||
| 610 | 2 | 0 | |a Polis DiRaja Malaysia |
| 650 | 0 | |a Police administration |z Malaysia. | |
| 650 | 0 | |a Police power |z Malaysia. | |
| 710 | 2 | 0 | |a Universiti Malaya. |b Fakulti Undang-Undang. |
| 900 | |a NAD | ||
| 596 | |a 4 | ||
| 999 | |a K668 MAH |w LACLL |c 1 |i A514943666 |d 31/7/2018 |e 31/7/2018 |f 14/11/2011 |g 1 |l RESTRICTED |m P04UNDANG |n 6 |r N |s Y |t TESIS |u 14/11/2011 | ||
| 999 | |a K668 MAH |w LACLL |c 2 |i A514943697 |d 14/11/2011 |f 14/11/2011 |g 1 |l B_KOM3 |m P04UNDANG |r N |s Y |t TESIS |u 14/11/2011 | ||
| 999 | |a K668 MAH |w LACLL |c 3 |i A514943604 |d 14/11/2011 |f 14/11/2011 |g 1 |l B_KOM3 |m P04UNDANG |r N |s Y |t TESIS |u 14/11/2011 | ||
